Govt. of
Madhya Pradesh

50 Years Of Pachayati Raj And Rural Development (Record no. 49558)

MARC details
000 -LEADER
fixed length control field 003660000a22001570004500
001 - CONTROL NUMBER
control field 000251
003 - CONTROL NUMBER IDENTIFIER
control field MACL
040 ## - CATALOGING SOURCE
Original cataloging agency MACL
090 ## - LOCALLY ASSIGNED LC-TYPE CALL NUMBER (OCLC); LOCAL CALL NUMBER (RLIN)
-- 251
-- 251
100 ## - MAIN ENTRY--PERSONAL NAME
Personal name Singh, J.L
245 ## - TITLE STATEMENT
Title 50 Years Of Pachayati Raj And Rural Development
Statement of responsibility, etc. J.L Singh
260 ## - PUBLICATION, DISTRIBUTION, ETC. (IMPRINT)
Place of publication, distribution, etc. Manak Publications,
Date of publication, distribution, etc. 1998
350 ## - PRICE (NR) (BK AM CF MU VM SE) [OBSOLETE]
Price 475
650 ## - SUBJECT ADDED ENTRY--TOPICAL TERM
Topical term or geographic name as entry element Public Administration
942 ## - ADDED ENTRY ELEMENTS (KOHA)
Call number prefix 352
Koha item type Library Membar

No items available.